000 00630nam a2200145Ia 4500
005 20260209120145.0
008 260209s9999||||xx |||||||||||||| ||und||
100 _aAmith Castelino
245 0 _aDelicately balancing data protection with infringing socially necessary measures : in the era of big data
260 _aBangaloreBangalore
_bNLSIU, Bangalore
_c2022
300 _a50 p. ; 25 cm.
505 _aBig Data Data Privacy Data Protection - India Data Protection Infringement
700 _aMs. Smitha Krishna Prasad - Supervisor Ms. Smitha Krishna Prasad - Supervisor
856 _uhttps://dans.nls.ac.in/handle/123456789/1134
999 _c217533
_d217533